Jitanjali (Record no. 370723)
[ view plain ]
| 000 -LEADER | |
|---|---|
| fixed length control field | 00402nam a22001577a 4500 |
| 005 - DATE AND TIME OF LATEST TRANSACTION | |
| control field | 20260313113637.0 |
| 008 - FIXED-LENGTH DATA ELEMENTS--GENERAL INFORMATION | |
| fixed length control field | 260313b |||||||| |||| 00| 0 eng d |
| 041 ## - LANGUAGE CODE | |
| Language code of text/sound track or separate title | Mar. |
| 082 ## - DEWEY DECIMAL CLASSIFICATION NUMBER | |
| Classification number | 891 |
| Item number | BHI. |
| 100 ## - MAIN ENTRY--PERSONAL NAME | |
| Author | Bhishikar S. |
| 245 ## - TITLE STATEMENT | |
| Title | Jitanjali |
| 260 ## - PUBLICATION, DISTRIBUTION, ETC. | |
| Place of publication, distribution, etc. | Pune |
| Name of publisher, distributor, etc. | Shree J Printers Pra. Ltd. Pune |
| Date of publication, distribution, etc. | 2024 |
| 300 ## - PHYSICAL DESCRIPTION | |
| Extent | 122p |
| Other physical details | PB |
| Dimensions | 21.5 x 14 cm |
| 365 ## - TRADE PRICE | |
| Price type code | INR |
| Price amount | 1.00 |
| Currency code | Rupaye |
| 942 ## - ADDED ENTRY ELEMENTS (KOHA) | |
| Koha item type | Donated Book |
| Withdrawn status | Lost status | Source of classification or shelving scheme | Damaged status | Not for loan | Home library | Current library | Date acquired | Vendor | Budget Code | Net Price | Bill number | Total Checkouts | Full call number | Barcode | Date last seen | Actual Price | Bill Date | Koha item type |
|---|---|---|---|---|---|---|---|---|---|---|---|---|---|---|---|---|---|---|
| Dewey Decimal Classification | Dr. Bhanuben Nanavati College of Architecture | Dr. Bhanuben Nanavati College of Architecture | 13/03/2026 | Donated Books | B.Arch. | 1.00 | 00 | 891 BHI. | BNCA-DB-2074 | 13/03/2026 | 1.00 | 13/03/2026 | Donated Book |